| 000 | 00558nam a2200241Ia 4500 | ||
|---|---|---|---|
| 008 | 190123s9999 xx 000 0 und d | ||
| 020 | _a9780531168820 | ||
| 050 | _bT367 2009 | ||
| 100 | _aThan, Ker | ||
| 245 | 0 | _aEarthquakes / | |
| 245 | 0 | _cby Ker Than. | |
| 260 | _aNew York, New York : | ||
| 260 | _bChildren's Press, | ||
| 260 | _c2009 | ||
| 300 | _a48 pages : | ||
| 300 | _bcolored illustrations ; | ||
| 300 | _c22cm. | ||
| 440 | _aA true book. | ||
| 500 | _a890L | ||
| 650 | _aEarthquakes. | ||
| 700 | _aSeries. | ||
| 700 | _aTitle. | ||
| 999 |
_c361157 _d361157 |
||